Changes in Slovak countryside human potential during the transformation period

Dôležitosť skúmania ľudského potenciálu nielen vidieckych obcí, ale lokálnych spoločenstiev ako takých. Význam endogénneho modelu rozvoja územia pre rozvoj vidieckych obcí a ľudských disponibilít ako rozhodujúceho faktora rozvoja územia. Zmeny, ktoré sa udiali v oblasti charakteristík ľudského poten...

Descripción completa

Guardado en:
Detalles Bibliográficos
Autor principal: Moravanská, Katarína
Formato: Capítulo de libro
Lenguaje:inglés
Materias:
Etiquetas: Agregar Etiqueta
Sin Etiquetas, Sea el primero en etiquetar este registro!

MARC

LEADER 00000naa$a2200000$$$4500
001 0038103
005 20231113141635.4
041 0 |a eng 
044 |a CZ 
245 1 0 |a Changes in Slovak countryside human potential during the transformation period  |c Katarína Moravanská 
520 |a Dôležitosť skúmania ľudského potenciálu nielen vidieckych obcí, ale lokálnych spoločenstiev ako takých. Význam endogénneho modelu rozvoja územia pre rozvoj vidieckych obcí a ľudských disponibilít ako rozhodujúceho faktora rozvoja územia. Zmeny, ktoré sa udiali v oblasti charakteristík ľudského potenciálu od roku 1989 v slovenských obciach. Situácia v rôznych typoch obcí, rôzne regionálne diferenciácie v tejto oblasti. 
610 2 0 |a vidiek 
610 2 0 |a obce 
610 2 0 |a Slovensko 
610 2 0 |a potenciál ľudský 
610 2 0 |a transformácia 
610 2 0 |a spoločnosť 
610 2 0 |a urbanizácia 
610 2 0 |a demografia 
610 2 0 |a demografia sociálna 
610 2 0 |a diferenciácia regionálna 
610 2 0 |a rozvoj územný 
610 2 0 |a ekonomika priestorová 
100 1 |a Moravanská, Katarína